000 00439nam a2200181Ia 4500
001 23945
005 20260414151011.0
008 260414t1957||||xx |||||||||||||| ||spa||
041 _aESP
082 _a724.19985
_bM26
100 _aMarco Dorta, Enrique,
_eAUT
245 0 _aLa arquitectura barroca en el Perú
_b
260 _c1957
300 _a47 páginas :
_c23 cm.
650 _aABD
654 _aCAU
942 _cLIB
_dJUS
_fJUS
_2ddc
_n
999 _c23945
_d23945